Aplikácia vybraných modelov teórie hier pri riešení niektorých ekonomických problémov Slovenska: 1. vedecký workshop k riešeniu projektu Vega č. 1/0351/17 zborník z workshopu : 4.december 2017, Bratislava

Salvato in:
Dettagli Bibliografici
Enti autori: Aplikácia vybraných modelov teórie hier pri riešení niektorých ekonomických problémov Slovenska. Vedecký workshop, Fakulta hospodárskej informatiky EU. Katedra operačného výskumu a ekonometrie
Altri autori: Figurová, Dana, Sequeira Lopez, Allan Jose, 1986-, Brezina, Ivan, 1963-, Dlouhý, Martin
Natura: Libro
Lingua:slovacco
Pubblicazione: Bratislava Vydavateľstvo EKONÓM 2018
Edizione:1. vydanie
Soggetti:
Tags: Aggiungi Tag
Nessun Tag, puoi essere il primo ad aggiungerne!!

MARC

LEADER 00000nlm a2200000 4500
001 0241574
005 20240618100302.0
020 |a 978-80-225-4430-6 
041 0 |a slo 
044 |a SK 
245 1 0 |a Aplikácia vybraných modelov teórie hier pri riešení niektorých ekonomických problémov Slovenska: 1. vedecký workshop k riešeniu projektu Vega č. 1/0351/17  |b zborník z workshopu : 4.december 2017, Bratislava  |c zostavovateľ: Dana Figurová, Allan Jose Sequeira Lopez ; recenzenti: Ivan Brezina, Martin Dlouhý 
250 |a 1. vydanie 
264 1 |a Bratislava  |b Vydavateľstvo EKONÓM  |c 2018 
300 |a CD-ROM [55 s., 2,2 AH] 
610 2 0 |a teória hier 
610 2 0 |a modelovanie 
610 2 0 |a modely 
610 2 0 |a poisťovníctvo 
610 2 0 |a dane 
700 1 |a Figurová, Dana 
700 1 |a Sequeira Lopez, Allan Jose, 1986- 
700 1 |a Brezina, Ivan, 1963- 
700 1 |a Dlouhý, Martin 
110 2 |a Aplikácia vybraných modelov teórie hier pri riešení niektorých ekonomických problémov Slovenska. Vedecký workshop 
710 2 |a Fakulta hospodárskej informatiky EU. Katedra operačného výskumu a ekonometrie